<?xml version="1.0" encoding="UTF-8"?>
<record
    xmlns:xsi="http://www.w3.org/2001/XMLSchema-instance"
    xsi:schemaLocation="http://www.loc.gov/MARC21/slim http://www.loc.gov/standards/marcxml/schema/MARC21slim.xsd"
    xmlns="http://www.loc.gov/MARC21/slim">

  <leader>02092nam a22002657a 4500</leader>
  <controlfield tag="005">20220314100600.0</controlfield>
  <controlfield tag="008">220314b           ||||| |||| 00| 0 eng d</controlfield>
  <datafield tag="020" ind1=" " ind2=" ">
    <subfield code="a"> 978-1468415193</subfield>
  </datafield>
  <datafield tag="040" ind1=" " ind2=" ">
    <subfield code="c">Aloy</subfield>
  </datafield>
  <datafield tag="041" ind1=" " ind2=" ">
    <subfield code="a">eng</subfield>
  </datafield>
  <datafield tag="082" ind1=" " ind2=" ">
    <subfield code="2">23</subfield>
    <subfield code="a">575.01</subfield>
    <subfield code="b">CALE</subfield>
  </datafield>
  <datafield tag="100" ind1=" " ind2=" ">
    <subfield code="a">Peter Calow</subfield>
    <subfield code="9">23544</subfield>
  </datafield>
  <datafield tag="245" ind1=" " ind2=" ">
    <subfield code="a">Evolutionary Principles</subfield>
  </datafield>
  <datafield tag="260" ind1=" " ind2=" ">
    <subfield code="a">Springer Science Business Media LLC</subfield>
    <subfield code="b">Springer Science Business Media LLC</subfield>
    <subfield code="c">2020</subfield>
  </datafield>
  <datafield tag="300" ind1=" " ind2=" ">
    <subfield code="a">viii,108 p.</subfield>
    <subfield code="b">PB</subfield>
    <subfield code="c">23x16 cm.</subfield>
  </datafield>
  <datafield tag="365" ind1=" " ind2=" ">
    <subfield code="2">Zoology</subfield>
    <subfield code="a">6321</subfield>
    <subfield code="b">556.00</subfield>
    <subfield code="c">&#x20B9;</subfield>
    <subfield code="d">695.00</subfield>
    <subfield code="e">20%</subfield>
    <subfield code="f">08-03-2022</subfield>
  </datafield>
  <datafield tag="440" ind1=" " ind2=" ">
    <subfield code="a">Tertiary Level Biology</subfield>
    <subfield code="9">23538</subfield>
  </datafield>
  <datafield tag="520" ind1=" " ind2=" ">
    <subfield code="a">The last few years have seen a number of new books on evolutionary biology. However most of these are either large or specialized. This is an attempt to produce a thin, general version for undergraduate use. Thinness, of course, demands selectivity, and the aim has been to concentrate on the principles of the subject rather than on the details-principles, that is, of both theory and practice. Thinness also sometimes means that a certain level of knowledge is assumed in the readership, but I hope that this is not the case here, and my intention has certainly been to produce something that is as intelligible to the uninitiated as it is to the well-informed. As for the bibliography, I refer, where possible, to reviews rather than primary sources, so a citation should not be taken to imply any sort of precedence. In developing the theme, I have adopted a loosely historical approach, not only because I believe that this makes for more interesting reading but also because the subject, like the subject it addresses, has evolved under the critical eye of a selective process. Problems have been perceived, hypotheses have been formulated to explain them, facts have been amassed to test the hypotheses, more problems have been perceived, more hypotheses formu&#xAD; lated, and so on.</subfield>
  </datafield>
  <datafield tag="650" ind1=" " ind2=" ">
    <subfield code="a">Evolution</subfield>
    <subfield code="9">23539</subfield>
  </datafield>
  <datafield tag="650" ind1=" " ind2=" ">
    <subfield code="a">Adaptation</subfield>
    <subfield code="9">23540</subfield>
  </datafield>
  <datafield tag="650" ind1=" " ind2=" ">
    <subfield code="a">Macro Evolution</subfield>
    <subfield code="9">23541</subfield>
  </datafield>
  <datafield tag="650" ind1=" " ind2=" ">
    <subfield code="a">Evolution and Development</subfield>
    <subfield code="9">23542</subfield>
  </datafield>
  <datafield tag="700" ind1=" " ind2=" ">
    <subfield code="a">CALOW (Peter)</subfield>
    <subfield code="9">23543</subfield>
  </datafield>
  <datafield tag="942" ind1=" " ind2=" ">
    <subfield code="2">ddc</subfield>
    <subfield code="c">BK</subfield>
  </datafield>
  <datafield tag="999" ind1=" " ind2=" ">
    <subfield code="c">221849</subfield>
    <subfield code="d">221849</subfield>
  </datafield>
  <datafield tag="952" ind1=" " ind2=" ">
    <subfield code="0">0</subfield>
    <subfield code="1">0</subfield>
    <subfield code="2">ddc</subfield>
    <subfield code="4">0</subfield>
    <subfield code="7">0</subfield>
    <subfield code="8">ZOO</subfield>
    <subfield code="a">AL</subfield>
    <subfield code="b">AL</subfield>
    <subfield code="d">2022-03-10</subfield>
    <subfield code="e">Biblios Book Point, Surathkal, Mangalore-575014</subfield>
    <subfield code="g">556.00</subfield>
    <subfield code="l">0</subfield>
    <subfield code="o">575.01 CALE</subfield>
    <subfield code="p">075629</subfield>
    <subfield code="r">2022-03-14 00:00:00</subfield>
    <subfield code="v">695.00</subfield>
    <subfield code="w">2022-03-14</subfield>
    <subfield code="y">BK</subfield>
  </datafield>
</record>
